000 00974nam a22002297a 4500
005 20100928110826.0
008 100928t xxu||||| |||| 00| 0 mar d
010 _aMAR-20313
020 _c150.00
_a9788177864175
035 _aMR-12971
037 _bDBAD / PUB
040 _aDPL
_bMR
082 _a634.9
100 _aराहुडकर,वा.ब.
_922134
245 _aवनशेती /
_cवा ब राहुडकर
246 _aVansheti
_bby W. B.Rahudkar
260 _aऔरंगाबाद
_bसाकेत प्रकाशन
_c2010
270 _a115,म.गांधीनगर स्टेशनरोड
_bऔरंगाबाद
_e431005
300 _a192पृ
_c21सेमी (अजिल्द)
942 _2ddc
_cMR
_h634.9
_mराहुड
999 _c47936
_d47936